Statistics for Places Mentioned in "Orinoco Flow" by Enya

Click here to take the quiz!

General Stats

  • This quiz has been taken 32 times
  • The average score is 12 of 20

Answer Stats

CategoryCluePlaces% Correct
Bodies of waterSouth American riverOrinoco
88%
CountriesSouth American countryPeru
85%
RegionsWestern US state*Cali
81%
CountriesPacific island nationFiji
81%
CountriesPacific island nationPalau
81%
CitiesAncient Mesopotamian cityBabylon
77%
IslandsPhilippine islandCebu
73%
CitiesNorth African capitalTripoli
73%
IslandsIndonesian islandBali
69%
IslandsIsland of Arthurian legendAvalon
65%
CitiesWest African capitalBissau
65%
IslandsScottish archipelagoEbudæ
62%
Bodies of waterOceanian seaCoral Sea
58%
CitiesNorth African capitalKhartoum
58%
Bodies of waterEast Asian seaYellow Sea
50%
IslandsMade-up islandIsland of the Moon
38%
IslandsMade-up archipelagoIsles of Ebony
38%
Bodies of waterMade-up seaSea of Clouds
35%
IslandsScottish islandTiree
35%
RegionsNew Zealand Antarctic territoryRoss Dependency
27%

Score Distribution

Percentile by Number Answered

Percent of People with Each Score

Your Score History

You have not taken this quiz